1923 1313 1004 1496 1023 1968 1804 1340 1031 1019 1576 1470 1701 1165 1935 1332 1299 1840 1011 1874 1817 1848 1486 1342 1819 1222 1626 1991 1955 1536 1179 1746 1514 1783 1920 1559 1498 1358 1596 1502 1060 1808 1416 1012 1954 1260 1417 1612 1591 1455 1051 1248 1422 1534 1305 1431 1760 1051 1037 1547 1613 1124 1813 1961 1131 1915 1430 1733 1768 1870 1302 1438 1540 1238 1555 1569 1593 1197 1430 1809 1574 1745 1885 1857 1744 1725 1027 1109 1653 1144 1133 1375 1407 1131 1731 1399 1662 1309 1620 BCNSPRNW ULIB Ver.6.0+V

เปลี่ยนเป็นภาษาไทย

Change to English
 แสดงรายละเอียดบรรณานุกรม
  กลับหน้าหลัก

Brief Record : Get Marc (ISO 2709) : E-mail record : QR code < ปิดหน้าต่าง
LEADER : 00000nam 2200000uu 4500
001    13399120392
003     ULIB
008    120919s2548||||th 000 0 tha d
020    ^a9789749750971
060  4 ^aWA715^bบ149น 2548
100 0  ^aบรรจบ ชุณหสวัสดิกุล
245 00 ^aนม:มิตรแท้หรือศัตรูสุขภาพ/^cบรรจบ ชุณหสวัสดิกุล
250    ^aพิมพ์ครั้งที่ 6
260    ^aกรุงเทพฯ:^bรวมทรรศน์,^c2548
300    ^a197 หน้า
650  7 ^aนม
650  7 ^aนม^xการวิเคราะห์
650  7 ^aนม^xสารอาหาร^xการวิเคราะห์
945    ^p220^l0^i16076
945    ^p220^l0^i16075
995    ^aกัณชพร
999 ^a ใช้งานได้ทุกระบบ
รายการนี้ยังไม่มีแท็ก
คุณยังไม่ได้ล็อกอิน คุณสามารถมีกิจกรรมร่วมกับเว็บไซต์ได้ แต่ต้องล็อกอินก่อน ::
  ล็อกอิน

รายการสื่อสารสนเทศ

ลำดับที่ ประเภท เลขเรียก/บาร์โค้ด สถานที่ สถานะ
1. วิทยาศาสตร์การแพทย์ และสุขภาพ
วิทยาศาสตร์การแพทย์ และสุขภาพ
WA715 บ149น 2548  
  Barcode: 16076
ห้องสมุดวิทยาเขตสวรรค์ประชารักษ์
►หนังสือทั่วไป
บนชั้น
2. วิทยาศาสตร์การแพทย์ และสุขภาพ
วิทยาศาสตร์การแพทย์ และสุขภาพ
WA715 บ149น 2548 ฉ.2 
  Barcode: 16075
ห้องสมุดวิทยาเขตสวรรค์ประชารักษ์
►หนังสือทั่วไป
บนชั้น

รายการใกล้เคียง
    ผู้แต่ง [บรรจบ ชุณหสวัสดิกุล]

    หัวเรื่อง [นม]

BibComment


ยังไม่เคยถูกคอมเมนท์

คอมเมนท์ทรัพยากรรายการนี้
  คอมเมนท์: นมมิตรแท้หรือศัต..


 Copyright 2026. Bcnsprnw @Library